000 00954cam a2200253 i 4500
003 SA-RiAUC
005 20250709144756.0
008 250702s1998 iq g d f00000 ara c
040 _aSA-RiAUC
_bara
_cSA-RiAUC
_erda
082 0 4 _a189.18
090 _a189.18
_bج ب و
100 1 _aالجبوري، نظلة أحمد نائل،
_d1956-
_eمؤلف.
245 1 0 _aنصوص المصطلح الصوفي في الإسلام /
_cنظلة الجبوري.
264 1 _aبغداد :
_bبيت الحكمة،
_c1999.
300 _a175 صفحة ؛
_c20 سم.
336 _aنص
_btxt
_2rdacontent
_3كتاب
337 _aبدون وسيط
_bn
_2rdamedia
338 _aمجلد
_bnc
_2rdacarrier
490 1 _aالسلسلة الفلسفية ؛
_v1
650 7 _aالتصوف الإسلامي
_vمصطلحات
_2aucsh
830 2 _aالسلسلة الفلسفية (بيت الحكمة)
_v1
942 _2ddc
_cBOOK
_n0
949 _aSA-JeALM
_d250702
_umohamedma123
_n1
999 _c9686
_d9686